000 00329nam a22001337a 4500
008 170925b xxu||||| |||| 00| 0 eng d
020 _a9781555427313
041 _aeng
080 _a37
100 _a46
101 _aEDU
245 _aFIRST-GENERATION STUDENTS: CONFRONTING THE CULTURAL ISSUES
_cZWERLING,L.S
942 _2udc
_cBK
999 _c29479
_d29479